طيور في سماء الأردن / (رقم التسجيلة. 53480)
[ عرض عادي ]
| 000 -LEADER | |
|---|---|
| fixed length control field | 00573nam a22001937a 4500 |
| 005 - DATE AND TIME OF LATEST TRANSACTION | |
| control field | 20251108170957.0 |
| 008 - FIXED-LENGTH DATA ELEMENTS--GENERAL INFORMATION | |
| fixed length control field | 250721s1994 xx 000 0 ara d |
| 082 14 - DEWEY DECIMAL CLASSIFICATION NUMBER | |
| Classification number | 598.29565/حور |
| 100 1# - MAIN ENTRY--PERSONAL NAME | |
| Personal name | بكج، أرسلان رمضان |
| Relator term | معد |
| 245 10 - TITLE STATEMENT | |
| Title | طيور في سماء الأردن / |
| 264 1# - PRODUCTION, PUBLICATION, DISTRIBUTION, MANUFACTURE, AND COPYRIGHT NOTICE | |
| Place of production, publication, distribution, manufacture | عمان : |
| Name of producer, publisher, distributor, manufacturer | بنك الأعمال، |
| Date of production, publication, distribution, manufacture, or copyright notice | 1994. |
| 300 ## - PHYSICAL DESCRIPTION | |
| Extent | 41ص. |
| 490 0# - SERIES STATEMENT | |
| Series statement | مكتبة الطفل |
| 650 17 - SUBJECT ADDED ENTRY--TOPICAL TERM | |
| Topical term or geographic name as entry element | الطيور |
| 650 17 - SUBJECT ADDED ENTRY--TOPICAL TERM | |
| Topical term or geographic name as entry element | الأردن |
| 700 1# - ADDED ENTRY--PERSONAL NAME | |
| Personal name | الحوراني، هاله الخيمي |
| Relator term | مؤلف |
| 942 ## - ADDED ENTRY ELEMENTS (KOHA) | |
| Source of classification or shelving scheme | Dewey Decimal Classification |
| Koha item type | كتب |
| حالة السحب | حالة الفقدان | مصدر التصنيف | حالة التلف | غير قابل للإعارة | المكتبة الرئيسية | المكتبة الحالية | موقع الرف | تاريخ التزويد | الرقم المتسلسل | Total Checkouts | رقم الإستدعاء | تاريخ آخر ظهور | تاريخ الفاتورة | نوع المادة (كوها) | الباركود |
|---|---|---|---|---|---|---|---|---|---|---|---|---|---|---|---|
| Dewey Decimal Classification | المكتبة المركزية | المكتبة المركزية | مقتنيات قسم التزويد | 28/07/2025 | 1759715 | 598.29565/حور | 28/07/2025 | 28/07/2025 | كتب | ||||||
| Dewey Decimal Classification | Not For Loan | مكتبة تاريخ الأردن | مكتبة تاريخ الأردن | لا يعار | 11/11/2009 | 1335048 | 598.29565/حور | 28/07/2025 | 11/11/2009 | كتب | PLD00118746 | ||||
| Dewey Decimal Classification | Unchecked | مكتبةمؤتة | مكتبةمؤتة | الأطفال | 06/07/2004 | 219 | 598.29565/حور | 28/07/2025 | 06/07/2004 | كتب |